Climate change adaptation : A trainers handbook /

Dades bibliogràfiques
Autor corporatiu: Assduzzaman, M.
Altres autors: Ali, Mirja Shawat, Jonsson, Goran, Haque, Nasimul
Format: Llibre
Idioma:English
Publicat: Dhaka : Comprehensive Disaster Management Programme (CDMP II), c2014.
Matèries:
Classic Catalogue: View this record in Classic Catalogue
LEADER 01186nam a22002897a 4500
001 29836
003 BD-DhAAL
005 20250626102807.0
008 180207t2014 bgua | f||| 000 0 eng d
040 |a BD-DhAAL  |d BD-DhAAL 
082 |a 363.7387495492  |2 21 
245 |a Climate change adaptation :  |b A trainers handbook /  |c Saha, Sanjib Kumar... [et al.]. 
260 |a Dhaka :  |b Comprehensive Disaster Management Programme (CDMP II),  |c c2014. 
300 |a ix, 193 pages :  |b illustrations ;  |c 28 cm. 
504 |a Includes bibliographical references (pages 184-187) 
526 |a AAL 
541 |a Complementary copy  |e 29836 
650 |a Climatic changes  |x Risk management   |z Bangladesh.  |9 24937 
650 |a Climatic changes  |x Environmental aspects  |z Bangladesh.  |9 24938 
700 |a Ali, Mirja Shawat.  |9 24939 
700 |a Jonsson, Goran.  |9 24940 
700 |a Haque, Nasimul.  |9 24941 
710 |a Assduzzaman, M.  |9 24942 
852 |a Ayesha Abed Library  |c General Stacks 
942 |2 ddc  |c BK 
999 |c 39099  |d 39099 
952 |0 0  |1 0  |2 ddc  |4 0  |6 363_738749549200000_CLI  |7 0  |9 62702  |a BRACUL  |b BRACUL  |c GEN  |d 2018-02-07  |e Complementary copy  |l 0  |o 363.7387495492 CLI  |p 3010029836  |r 2018-02-07  |t 1  |w 2018-02-07  |y BK